2024 F1 season - Statistics

General Stats
  • This quiz has been taken 42 times
  • The average score is 14 of 25
Answer Stats
Hint Answer % Correct
How many different drivers saw the podium 10
100%
How many Hat Tricks did Max have this season 2
96%
How many races were won by a ferrari driver this year 5
71%
Lewis Hamilton overtook his teammate on the last lap of the Abu Dhabi GP in what was his last race in a Mercedes. How many years did Hamilton race with Mercedes? 12
68%
Which engineer announced his move from Red Bull to Aston Martin following the 2024 season Adrian Newey
68%
How many penalty seconds did Max Verstappen receive at the Mexico GP 20
64%
Who had a one race ban after accumulating 12 penalty points Kevin Magnussen
64%
Why did Carlos Sainz miss the Saudi grand prix Appendicitis
61%
At Imola, Max Verstappen tied the record for most consecutive pole positions with 8. Who shares this record? Ayrton Senna
61%
Which driver broke the record for most wins at a single circuit Lewis Hamilton
61%
Who became the first driver in history to score points for two different teams in their first two races Oliver Bearman
61%
Where did Max secure the 2024 World Drivers Championship? Las Vegas
57%
Which driver caused the first in-race black flag since 2007 Nico Hulkenberg
57%
What two words did the McLaren team say to invoke team orders in the Hungarian GP Papaya Rules
57%
Name one of two drivers, other than Max Verstappen, who were on the podium at the Sao Paulo GP Pierre Gasly, Esteban Ocon
54%
Which GP saw 5 red flags during the qualifying session, which took place on a sunday Sao Paulo
54%
Lando Norris was on track to score his first career grand slam before Daniel Ricciardo pitted to take the fastest lap with only a few laps to go, in what was his last race with RB. In which grand prix did this take place? Singapore GP
54%
What is the full name of the racing bulls team Visa Cash App Racing Bulls F1 Team
50%
Which car part fell off of Albon's car in the Qatar GP leading to punctures for Sainz and Hamilton Right wing mirror
46%
What was the last race that Checo was on the podium ? Chinese GP
43%
Which two drivers set the exact same lap time in the qualifying round for the Canadian GP (please enter last names in alphabetical order) Russell and Verstappen
43%
Which driver, did donuts at the Abu Dhabi GP in what was likely the last race of his career Zhou Guanyu
39%
Who had the fastest speed recorded during a race this year? Alex Albon
36%
Which team had the first double retirement of the season * Mercedes
36%
Why was George Russell disqualified from the Belgian GP Underweight car
36%
No matching quizzes found
Score Distribution
Percent of People with Each Score
Percentile by Number Answered
Your Score History
You have not taken this quiz